| 000 | 00000nam##2200000za#4500 |
| 001 | 9.602089 |
| 003 | CaOODSP |
| 005 | 20210624210408 |
| 007 | cr ||||||||||| |
| 008 | 150406|2005||||xxc|||||o f|0| 0 fre|d |
| 040 | |aCaOODSP|bfre |
| 043 | |an-cn--- |
| 086 | 1 |aTU3-5/05-39F-PDF |
| 110 | 2 |aBureau de la sécurité des transports du Canada. |
| 245 | 10|aImpact sans perte de contrôle du Cessna 180H C-FYIX au mont Burns (Alberta) le 22 août 2005 |h[ressource électronique] |
| 260 | |aGatineau - Québec : |bBureau de la sécurité des transports du Canada |c[2007]. |
| 300 | |a6p.|bphotographies |
| 490 | 1 |aRapport d'enquête aéronautique |vA05W0176 |
| 590 | |a11-31-Supp|b2011-12-13 |
| 775 | 08|tControlled flight into terrain - Cessna 180H C-FYIX, Mount Burns, Alberta, 22 August 2005 |w(CaOODSP)9.571497 |
| 830 | #0|aRapport d'enquête aéronautique ;|vA05W0176|w(CaOODSP)9.501229 |
| 856 | 40|ahttp://publications.gc.ca|qPDF|s191 Ko|uhttps://publications.gc.ca/collections/collection_2011/bst-tsb/TU3-5-05-39-fra.pdf|yA05W0176 |